[Event "POL-chT 50th"]
[Site "Lubniewice"]
[Date "1994.??.??"]
[Round "9"]
[White "Brustman, Agnieszka"]
[Black "Byczynska, Joanna"]
[Result "1-0"]
[WhiteElo "2375"]
[BlackElo "2095"]
[PlyCount "67"]
[EventDate "1994.09.22"]
[EventType "team-tourn"]
[EventRounds "11"]
[EventCountry "POL"]
[SourceTitle "EXT 2019"]
[Source "ChessBase"]
[SourceDate "2018.10.10"]
[SourceVersion "1"]
[SourceVersionDate "2018.10.10"]
[SourceQuality "1"]
[WhiteTeam "Warszawa Polonia"]
[BlackTeam "Bydgoszcz Chemik"]
[WhiteTeamCountry "POL"]
[BlackTeamCountry "POL"]

1. e4 c5 2. Nf3 Nc6 3. d4 cxd4 4. Nxd4 e5 5. Nb5 d6 6. N1c3 a6 7. Na3 b5 8. Nd5 Rb8 9. c4 b4 10. Nc2 Nf6 11. Qd3 Be7 12. Be2 0-0 13. 0-0 a5 14. b3 Nxd5 15. Qxd5 Qc7 16. Qd3 f5 17. Ne3 fxe4 18. Qxe4 Nd4 19. Bg4 Bb7 20. Nd5 Qd8 21. Be3 Bxd5 22. Qxd5+ Kh8 23. Bxd4 exd4 24. a3 Bf6 25. axb4 Rxb4 26. Bd1 Re8 27. Qxa5 Qb8 28. Qd5 Rb6 29. Qf5 Re5 30. Qf3 Qc7 31. Bc2 Rb8 32. Ra6 Rbe8 33. g3 d3 34. Qxd3 1-0

[Event "POL-chT 49th"]
[Site "Lubniewice"]
[Date "1993.??.??"]
[Round "3"]
[White "Byczynska, Joanna"]
[Black "Erenska Barlo, Hanna"]
[Result "1-0"]
[WhiteElo "2050"]
[BlackElo "2210"]
[PlyCount "109"]
[EventDate "1993.09.23"]
[EventType "team-tourn"]
[EventRounds "11"]
[EventCountry "POL"]
[SourceTitle "TD"]
[Source "ChessBase"]
[SourceDate "1994.03.01"]
[SourceVersion "1"]
[SourceVersionDate "1994.03.01"]
[SourceQuality "1"]
[WhiteTeam "Bydgoszcz Chemik"]
[BlackTeam "Poznan Pocztowiec"]
[WhiteTeamCountry "POL"]
[BlackTeamCountry "POL"]

1. e4 c5 2. Nf3 e6 3. d4 cxd4 4. Nxd4 Nc6 5. Nc3 Qc7 6. Nxc6 bxc6 7. Bd3 Nf6 8. 0-0 Bd6 9. h3 0-0 10. Qe1 e5 11. Ne2 Bc5 12. c4 d5 13. Ng3 dxe4 14. Bxe4 Nxe4 15. Nxe4 Bd4 16. Nc3 Bf5 17. Qe2 Rfd8 18. Rd1 Rab8 19. Be3 h6 20. Rac1 Qd6 21. b3 Qg6 22. Kh1 c5 23. Nd5 Qe6 24. Bxd4 cxd4 25. f4 d3 26. Qe3 h5 27. fxe5 Rxd5 28. cxd5 Qxd5 29. Qxa7 Re8 30. Rc5 Qe6 31. Kh2 f6 32. exf6 Qxf6 33. Qc7 Rf8 34. Qf4 Qe6 35. Qc4 Qxc4 36. Rxc4 g6 37. Rd4 Ra8 38. a4 Rb8 39. g4 hxg4 40. hxg4 Be6 41. R1xd3 Kf7 42. b4 Rc8 43. b5 Rc2+ 44. Kg3 Rb2 45. Rf4+ Kg7 46. Rd6 Bg8 47. b6 Rb3+ 48. Rf3 Rb1 49. a5 Bc4 50. Rd7+ Kh6 51. Rc3 Be2 52. Ra7 Rb4 53. b7 Bd1 54. a6 Kg5 55. Ra8 1-0

[Event "POL-chT 49th"]
[Site "Lubniewice"]
[Date "1993.??.??"]
[Round "1"]
[White "Byczynska, Joanna"]
[Black "Lukasiewicz, Anna"]
[Result "1-0"]
[WhiteElo "2050"]
[BlackElo "2120"]
[PlyCount "75"]
[EventDate "1993.09.23"]
[EventType "team-tourn"]
[EventRounds "11"]
[EventCountry "POL"]
[SourceTitle "TD"]
[Source "ChessBase"]
[SourceDate "1994.03.01"]
[SourceVersion "1"]
[SourceVersionDate "1994.03.01"]
[SourceQuality "1"]
[WhiteTeam "Bydgoszcz Chemik"]
[BlackTeam "Wroclaw Hetman"]
[WhiteTeamCountry "POL"]
[BlackTeamCountry "POL"]

1. e4 c5 2. Nf3 Nc6 3. d4 cxd4 4. Nxd4 g6 5. g3 Bg7 6. Be3 Nf6 7. Bg2 0-0 8. Nc3 d6 9. h3 Bd7 10. 0-0 Ne5 11. Kh2 Nc4 12. Bc1 Qb6 13. Nb3 a5 14. Rb1 a4 15. Nd2 Nxd2 16. Bxd2 Bc6 17. Be3 Qb4 18. Nd5 Bxd5 19. exd5 Qc4 20. a3 Rfc8 21. c3 Ra5 22. Bg5 Nxd5 23. Re1 e6 24. Re4 Qa6 25. c4 Nc7 26. Bd2 Rf5 27. Be3 Ne8 28. c5 Ra8 29. Rb4 dxc5 30. Rxb7 Rc8 31. Qd7 Nd6 32. Ra7 Qd3 33. Re1 Bf8 34. Qxa4 Rb8 35. Rd1 Qe2 36. Rd2 Qc4 37. Qc6 Qb5 38. Qc7 1-0

[Event "POL-ch U20 Girls"]
[Site "Konin"]
[Date "1990.??.??"]
[Round "2"]
[White "Byczynska, Joanna"]
[Black "Lukasiewicz, Anna"]
[Result "1/2-1/2"]
[WhiteElo "2080"]
[BlackElo "2065"]
[PlyCount "132"]
[EventDate "1990.??.??"]
[EventType "tourn"]
[EventRounds "9"]
[EventCountry "POL"]
[SourceTitle "EXT 1999"]
[Source "ChessBase"]
[SourceDate "1998.11.16"]
[SourceVersion "1"]
[SourceVersionDate "1998.11.16"]
[SourceQuality "1"]

1. e4 e5 2. Nf3 Nc6 3. Bb5 a6 4. Ba4 Nf6 5. 0-0 Be7 6. Re1 b5 7. Bb3 d6 8. c3 0-0 9. h3 Nb8 10. d4 Nbd7 11. Bc2 Re8 12. Nbd2 Bf8 13. b3 Bb7 14. Bb2 Nb6 15. d5 c6 16. c4 cxd5 17. cxd5 Nfd7 18. a4 f5 19. exf5 Nxd5 20. Ne4 N7f6 21. Qd2 Nc7 22. Ba3 Nxe4 23. Bxe4 Bxe4 24. Rxe4 Qf6 25. Qg5 d5 26. Rg4 Qxg5 27. Rxg5 Bxa3 28. Rxa3 Kf7 29. Rg3 Kf6 30. Ra2 Re7 31. Re2 d4 32. Nh4 Nd5 33. Re1 Nc3 34. a5 Rd8 35. Rd3 e4 36. Rd2 d3 37. g4 Rc7 38. Ng2 Rdc8 39. Nf4 b4 40. Kg2 Rc5 41. f3 Re5 42. fxe4 Rxe4 43. Rxe4 Nxe4 44. Rxd3 Rc2+ 45. Kf3 Nd2+ 46. Ke3 Nf1+ 47. Kd4 Kg5 48. Ne6+ Kf6 49. Nc5 h5 50. gxh5 Ra2 51. Nb7 Nd2 52. Nd6 Nb1 53. Kc4 Rxa5 54. Kxb4 Ra2 55. Nc4 Kxf5 56. Rd1 a5+ 57. Nxa5 Nd2 58. Rg1 Nf3 59. Rxg7 Rh2 60. h6 Rxh3 61. h7 Ng5 62. Kb5 Nxh7 63. b4 Nf6 64. Ka6 Nd5 65. b5 Ke6 66. Nc6 Kd6 1/2-1/2

[Event "POL-ch U20 Girls"]
[Site "Konin"]
[Date "1990.??.??"]
[Round "6"]
[White "Byczynska, Joanna"]
[Black "Pondo, Aneta"]
[Result "1-0"]
[WhiteElo "2080"]
[BlackElo "1975"]
[PlyCount "72"]
[EventDate "1990.??.??"]
[EventType "tourn"]
[EventRounds "9"]
[EventCountry "POL"]
[SourceTitle "EXT 1999"]
[Source "ChessBase"]
[SourceDate "1998.11.16"]
[SourceVersion "1"]
[SourceVersionDate "1998.11.16"]
[SourceQuality "1"]

1. e4 c5 2. Nf3 d6 3. d4 cxd4 4. Nxd4 Nf6 5. Nc3 a6 6. Be2 Qc7 7. f4 Nbd7 8. a4 b6 9. Bf3 Bb7 10. Nd5 Qb8 11. 0-0 Nc5 12. Nxf6+ gxf6 13. Qe2 e6 14. b4 Nd7 15. Bh5 Ke7 16. Bb2 Rg8 17. f5 e5 18. Qc4 Qe8 19. Ne6 Rc8 20. Nc7 Bxe4 21. Qxe4 Rxc7 22. Rad1 Kd8 23. Be2 Nb8 24. Qa8 Rc8 25. Bxa6 Qxa4 26. Ra1 Qc6 27. Bb7 Rxg2+ 28. Kh1 Qxc2 29. Bxg2 Qxb2 30. Rab1 Qe2 31. Rbc1 Qa6 32. Qd5 Ke7 33. b5 Rc5 34. Rxc5 bxc5 35. bxa6 Nxa6 36. Rc1 Nb4 1-0

[Event "POL-ch U20 Girls"]
[Site "Konin"]
[Date "1990.??.??"]
[Round "9"]
[White "Byczynska, Joanna"]
[Black "Turczynowicz, Jolanta"]
[Result "1/2-1/2"]
[WhiteElo "2080"]
[BlackElo "2060"]
[PlyCount "39"]
[EventDate "1990.??.??"]
[EventType "tourn"]
[EventRounds "9"]
[EventCountry "POL"]
[SourceTitle "EXT 1999"]
[Source "ChessBase"]
[SourceDate "1998.11.16"]
[SourceVersion "1"]
[SourceVersionDate "1998.11.16"]
[SourceQuality "1"]

1. e4 c5 2. Nf3 d6 3. d4 cxd4 4. Nxd4 Nf6 5. Nc3 a6 6. Be2 e5 7. Nb3 Be6 8. f4 Qc7 9. 0-0 Be7 10. Be3 b5 11. a3 Nbd7 12. Qe1 0-0 13. f5 Bc4 14. g4 d5 15. exd5 Nxd5 16. Bxc4 Qxc4 17. Nxd5 Qxd5 18. Rd1 Qc6 19. Qg3 f6 20. Qg2 1/2-1/2

[Event "POL-ch U20 Girls"]
[Site "Konin"]
[Date "1990.??.??"]
[Round "1"]
[White "Gazik, Renata"]
[Black "Byczynska, Joanna"]
[Result "1-0"]
[WhiteElo "1900"]
[BlackElo "2080"]
[PlyCount "75"]
[EventDate "1990.??.??"]
[EventType "tourn"]
[EventRounds "9"]
[EventCountry "POL"]
[SourceTitle "EXT 1999"]
[Source "ChessBase"]
[SourceDate "1998.11.16"]
[SourceVersion "1"]
[SourceVersionDate "1998.11.16"]
[SourceQuality "1"]

1. d4 d5 2. Nf3 Nf6 3. c4 dxc4 4. Nc3 c6 5. a4 Bf5 6. Ne5 e6 7. Bg5 Bb4 8. Nxc4 h6 9. Bh4 Nbd7 10. e3 0-0 11. Qb3 a5 12. Be2 Qe8 13. 0-0 Bh7 14. Na2 Nd5 15. Nxb4 Nxb4 16. Nd6 Qb8 17. Be7 Bc2 18. Qa3 Qc7 19. Bxf8 Rxf8 20. Nc4 Bg6 21. Rac1 e5 22. dxe5 Nxe5 23. Rfd1 Bf5 24. Nxe5 Qxe5 25. Qc3 Qc7 26. Qc5 Be6 27. Bf3 Bb3 28. Rd2 Bxa4 29. Ra1 Bb5 30. Rad1 b6 31. Qf5 c5 32. Be4 g6 33. Qf6 Ba4 34. Rb1 Re8 35. Bd5 Bc6 36. Qxg6+ Kf8 37. Qxh6+ Ke7 38. Bxf7 1-0

[Event "POL-ch U20 Girls"]
[Site "Konin"]
[Date "1990.??.??"]
[Round "8"]
[White "Lewandowska, Katarzyna"]
[Black "Byczynska, Joanna"]
[Result "1-0"]
[WhiteElo "2085"]
[BlackElo "2080"]
[PlyCount "39"]
[EventDate "1990.??.??"]
[EventType "tourn"]
[EventRounds "9"]
[EventCountry "POL"]
[SourceTitle "EXT 1999"]
[Source "ChessBase"]
[SourceDate "1998.11.16"]
[SourceVersion "1"]
[SourceVersionDate "1998.11.16"]
[SourceQuality "1"]

1. d4 d5 2. c4 dxc4 3. e4 e5 4. Nf3 exd4 5. Bxc4 Nc6 6. 0-0 Nf6 7. e5 Nd5 8. Nxd4 Nxd4 9. Qxd4 Be6 10. Nc3 Nxc3 11. Qxc3 Bxc4 12. Qxc4 Qd7 13. Bg5 c6 14. e6 fxe6 15. Rad1 Qc8 16. Rfe1 Bc5 17. Rxe6+ Kf8 18. Qxc5+ Kg8 19. Qc4 Kf7 20. Rf6+ 1-0